000 00339nam a2200133Ia 4500
008 220524s9999 xx 000 0 und d
041 _aeng
082 _a746.1
100 _aShah K.M.
_96788
245 _aHandbook of synthetic Dyes and Pigments Vol.I
260 _bMulti-tech Publicity Co.,
_c1998
650 _aDyeing
_96789
906 _a703
999 _c7027
_d7027